000 01274nam a22002657a 4500
008 111221s2011 xxu|||||r|||| 001 0deng d
020 _a0702031186
020 _a9780702031182
082 _222
_a613.2
_bHUM
245 _aHuman Nutrition /
_cEdited by Catherine A. Geissler and Hilary J. Powers
250 _a12th ed.
260 _aEdinburgh :
_bChurchill Livingstone,
_c2011
300 _axi, 778 p. :
_bill. ;
_c22 cm.
504 _aIncludes bibliographical references and index
650 _919370
_aNutrition.
650 _928211
_aNutrition disorders
650 _920992
_aDiet therapy.
653 _bNUR
_cDecember2011
700 _928209
_aGeissler, Catherine A.
700 _928210
_aPowers, Hilary J.
856 _3Activate your eBook
_uhttp://www.vitalsource.com/software/evolve-ebooks
_z For obtaining access code, please call the Library on Ext. 1372
942 _2ddc
_cNRB
999 _c16337
_d16337